000 00520nam a22001817a 4500
005 20251108175101.0
008 250721s2011 xx 000 0 ara d
082 1 4 _a922.16/بخي
100 1 _aبخيت، رجب محمود
245 1 0 _aأعلام الفقهاء /
264 1 _a[القاهرة] :
_bمكتبة كنوز المعرفة،
_c2011.
300 _a544 ص.
650 1 7 _aالفقهاء المسلمون
650 1 7 _aالتراجم
650 1 7 _aالإسلام
942 _2ddc
_cBK
999 _c125764
_d125764